| 000 | 00561nam a22001577a 4500 | ||
|---|---|---|---|
| 003 | OSt | ||
| 005 | 20151118154034.0 | ||
| 008 | 151118b xxu||||| |||| 00| 0 eng d | ||
| 040 | _cRUA | ||
| 082 | _aFIS លី 1992 B147 Or.1 | ||
| 100 |
_93881 _aលី ស៊ីណា |
||
| 245 | _aបច្ចេកទេសចិ្្ចឹមត្រីឆ្តោក្នុងបែរ រដ្ដធានី ខេត្តកណ្តាល កំពង់ឆ្នាំង | ||
| 260 |
_aPhnom penh _bRUA _c1992 |
||
| 300 |
_a55p. _bill. _c29cm. |
||
| 942 |
_2ddc _cFIS |
||
| 999 |
_c3608 _d3608 |
||